Top 10 miast Polski pod względem ludności - Statystyki

Ogólne statystyki
  • Ten quiz został rozwiązany 89 razy
  • Średni wynik to 9 z 10
Statystyki odpowiedzi
Populacja Miasto % Poprawnych
470,633 tys. Gdańsk
100%
1,792,718 mln. Warszawa
100%
780,796 tys. Kraków
97%
641,201 tys. Wrocław
97%
530,464 tys. Poznań
95%
667,923 tys. Łódź
91%
396,472 tys. Szczecin
90%
337,788 tys. Lublin
88%
296,401 tys. Białystok
87%
341,692 tys. Bydgoszcz
82%
Nie znaleziono quizów pasujących do podanych kryteriów
Rozkład punktacji
Procent ludzi z każdym wynikiem
Percentyl według liczby udzielonych odpowiedzi
Twoja historia wyników
Nie rozwiązałeś tego quizu